My favorite Presidents - Statistics

General Stats
  • This quiz has been taken 33 times
  • The average score is 6 of 8
Answer Stats
Why Number President % Correct
Emancipation Proclamation 16 Abraham Lincoln
97%
Just read his number, need I say more 1 George Washington
97%
I like how he handled WW2 33 Harry S. Truman
83%
I like movies, and he was an actor and broke Tecumseh's curse 40 Ronald Reagan
83%
Interesting that he managed to get elected twice nonconsecutively 22&24 Grover Cleveland
73%
He was an amazing general and a good president 18 Ulysses S. Grant
73%
It's interesting that he died so quickly 9 William Henry Harrison
67%
I agree with his quote "No president who performs his duties faithfully and conscientiously can have any leisure" 11 James K. Polk
53%
No matching quizzes found
Score Distribution
Percent of People with Each Score
Percentile by Number Answered
Your Score History
You have not taken this quiz